书目信息 |
| 题名: |
SolidWorks2004模具设计
|
|
| 作者: | 魏峥 , 康亚鹏 编著 | |
| 分册: | ||
| 出版信息: | 北京 机械工业出版社 2004.05 |
|
| 页数: | 285页 | |
| 开本: | 20cm | |
| 丛书名: | 工程软件模具设计实例从书 | |
| 单 册: | ||
| 中图分类: | TG76 | |
| 科图分类: | ||
| 主题词: | 模具 , 模具 | |
| 电子资源: | ||
| ISBN: | 7-111-14208-X | |
| 000 | 00725nam0 2200241 450 | |
| 001 | 0537769863 | |
| 005 | 20050619102929.86 | |
| 010 | @a7-111-14208-X@dCNY 30.00 | |
| 100 | @a20050619d2004 km y0chiy0120 ea | |
| 101 | 0 | @achi |
| 102 | @aCN@b110000 | |
| 200 | 1 | @aSolidWorks2004模具设计@ASolidWorks2004 mo ju she ji@f魏峥,康亚鹏编著@Fwei zheng,kang ya peng bian zhu |
| 210 | @a北京@c机械工业出版社@d2004.05 | |
| 215 | @a285页@d20cm@e光盘1片 | |
| 225 | 2 | @a工程软件模具设计实例从书 |
| 410 | 0 | @12001 @a工程软件模具设计实例从书 |
| 606 | 0 | @a模具 |
| 606 | 0 | @a模具 |
| 690 | @aTG76@v4 | |
| 701 | 0 | @a魏峥@Awei zheng@4编著 |
| 701 | 0 | @a康亚鹏@Akang ya peng@4编著 |
| 801 | 0 | @aCN@bPFT@c20050619 |
| 905 | @a10447@dTG76@eW611 | |
| SolidWorks2004模具设计/魏峥,康亚鹏编著.-北京:机械工业出版社,2004.05 |
| 285页;20cm+光盘1片.-(工程软件模具设计实例从书) |
| ISBN 7-111-14208-X:CNY 30.00 |
| ● |
| 相关链接 |
|
|
|
正题名:SolidWorks2004模具设计
索取号:TG76/W611
 
预约/预借
| 序号 | 登录号 | 条形码 | 馆藏地/架位号 | 状态 | 备注 |
| 1 | 550616 | 205506166 | 自科库501/501自科库 29排2列4层/ [索取号:TG76/W611] | 在馆 | |
| 2 | 550617 | 205506175 | 自科库501/501自科库 29排2列4层/ [索取号:TG76/W611] | 在馆 | |
| 3 | 550618 | 205506184 | 自科库501/501自科库 29排2列4层/ [索取号:TG76/W611] | 在馆 |